| 000 | 01790nam a2200517 i 4500 | ||
|---|---|---|---|
| 001 | 24519 | ||
| 003 | KOSZ 005 | ||
| 005 | 20210701110458.0 | ||
| 008 | 970510s1994 pl a f f |000 0 pol | ||
| 015 | _aUWD 1995/2714 | ||
| 020 | _a8386453109 | ||
| 035 | _a991000024009705066 | ||
| 035 | _a(PL-WaBN)b10024189-48omnis_nlop | ||
| 035 | _ab10024189 | ||
| 035 | _a(OCoLC)751537180 | ||
| 035 | _axx001598089 | ||
| 035 | _a(PL)b0000001002418 | ||
| 035 | _a(EXLNZ-48OMNIS_NETWORK)9910167083205606 | ||
| 040 |
_aWA N _cWA N _dKOSZ 005/HR |
||
| 046 | _k1994 | ||
| 080 | _a543.061 | ||
| 080 | _a(075.8) | ||
| 100 | 1 |
_aMasłowska, Joanna _d(1932-2002) _eAutor |
|
| 245 | 1 | 0 |
_aSchematy analizy jakościowej kationów / _cJoanna Masłowska, Rajmund Sołoniewicz ; Politechnika Łódzka. |
| 250 | _aWyd. 3 popr. i uzup. | ||
| 260 |
_aŁódź : _bWydaw. PŁ, _c1994. |
||
| 300 |
_a70, [1] s. : _b1 wykr. ; _c24 cm. |
||
| 336 |
_aTekst _btxt _2rdacontent |
||
| 337 |
_aBez urządzenia pośredniczącego _bn _2rdamedia |
||
| 338 |
_aWolumin _bnc _2rdacarrier |
||
| 380 | _aKsiążki | ||
| 380 | _aPublikacje dydaktyczne | ||
| 385 |
_mPoziom nauczania _aSzkoły wyższe |
||
| 388 | 1 | _a1901-2000 | |
| 388 | 1 | _a1989-2000 | |
| 504 | _aBibliogr. s. [71]. | ||
| 521 | _aPodręcznik dla studentów wydz. chemicznych, przyrodniczych i farmaceutycznych. | ||
| 650 | 7 |
_aChemiczna analiza jakościowa _2DBN |
|
| 655 | 7 |
_aPodręczniki akademickie _2DBN |
|
| 658 | _aChemia | ||
| 700 | 1 |
_aSołoniewicz, Rajmund _d(1929-1993) _eAutor |
|
| 710 | 2 |
_aWydawnictwo Politechniki Łódzkiej _4pbl |
|
| 856 |
_uhttp://koha.tu.koszalin.pl/cgi-bin/koha/opac-detail.pl?biblionumber=24519 _yKatalog online BPK |
||
| 942 |
_2UKD _cKS |
||
| 999 |
_c24519 _d24519 |
||